000 01411nam0a2200361 4500
001 RU\NLR\bibl\80021
005 20250616103630.0
020 _aRU
_b98-26789
_9Книжная летопись
021 _aRU
_b98-17272
_9819
035 _a(NLR Aleph) 000078121
090 _a433861
_c433861
100 _a19990528d1998 |||y0rusy50 ca
101 0 _arus
102 _aRU
105 _aa |||||||||
200 1 _aСистема "ГАРАНТ"
_e[Новая версия ГАРАНТ 4.0]
_eРук. пользователя
210 _aМ.
_cКомпания "Гарант"
_d[1998?]
215 _a128 с.
_cил.
_d22
320 _aАлф. указ.: с. 128
606 0 _aГАРАНТ, компьютерная правовая система
_jРуководства, пособия и т.п.
_92160503
_3RU\NLR\auth\661300261
610 0 _aГосударственное право - Банки данных
610 0 _aЭкономика - Банки данных
610 0 _aВычислительные машины электронные персональные - Программное обеспечение
675 _a340:004.42
_v3
_zrus
686 _a10
_2rugasnti
686 _a67.0
_2rubbk
686 _aХ62с51я7
801 0 _aRU
_bRKP
_c19990528
_gPSBO
801 1 _aRU
_bRKP
_c19990528
801 2 _aRU
_bNLR
_c20001114
_grcr
852 _aNLR
_j98-5/1738
942 _cBOOK
980 _aNB